<?xml version="1.0" encoding="UTF-8"?>
<record
    xmlns:xsi="http://www.w3.org/2001/XMLSchema-instance"
    xsi:schemaLocation="http://www.loc.gov/MARC21/slim http://www.loc.gov/standards/marcxml/schema/MARC21slim.xsd"
    xmlns="http://www.loc.gov/MARC21/slim">

  <leader>00668nam a22001577a 4500</leader>
  <controlfield tag="003">OSt</controlfield>
  <controlfield tag="005">20151214105735.0</controlfield>
  <controlfield tag="008">151214b        xxu||||| |||| 00| 0 eng d</controlfield>
  <datafield tag="040" ind1=" " ind2=" ">
    <subfield code="c">RUA</subfield>
  </datafield>
  <datafield tag="082" ind1=" " ind2=" ">
    <subfield code="a">AED KHU 2004 B216 Or.1</subfield>
  </datafield>
  <datafield tag="100" ind1=" " ind2=" ">
    <subfield code="9">4818</subfield>
    <subfield code="a">KHUT, NIMOL.</subfield>
  </datafield>
  <datafield tag="245" ind1=" " ind2=" ">
    <subfield code="a">Household food security of lwf in thpong district , kampong speu province (&#x200B;&#x179F;&#x1793;&#x17D2;&#x178F;&#x17B7;&#x179F;&#x17BB;&#x1781;&#x179F;&#x17D2;&#x1794;&#x17C0;&#x1784;&#x1787;&#x17B6;&#x179B;&#x1780;&#x17D2;&#x1781;&#x178E;&#x17C7;&#x1782;&#x17D2;&#x179A;&#x17BD;&#x179F;&#x17B6;&#x179A;&#x1793;&#x17C3;&#x17A2;&#x1784;&#x17D2;&#x1780;&#x1780;&#x17B6;&#x179A;&#x179B;&#x17BC;&#x1790;&#x17C1;&#x179A;&#x17C9;&#x17B6;&#x1793;&#x1793;&#x17C5;&#x1780;&#x17D2;&#x1793;&#x17BB;&#x1784;&#x179F;&#x17D2;&#x179A;&#x17BB;&#x1780;&#x1790;&#x17D2;&#x1796;&#x1784;&#x1781;&#x17C1;&#x178F;&#x17D2;&#x178F;&#x1780;&#x17C6;&#x1796;&#x1784;&#x17CB;&#x179F;&#x17D2;&#x1796;&#x17BA;)</subfield>
  </datafield>
  <datafield tag="260" ind1=" " ind2=" ">
    <subfield code="a">Phnom Penh</subfield>
    <subfield code="b">RUA</subfield>
    <subfield code="c">2004</subfield>
  </datafield>
  <datafield tag="300" ind1=" " ind2=" ">
    <subfield code="a">xii, 66p.</subfield>
    <subfield code="b">ill.</subfield>
    <subfield code="c">29cm.</subfield>
  </datafield>
  <datafield tag="942" ind1=" " ind2=" ">
    <subfield code="2">ddc</subfield>
    <subfield code="c">AED</subfield>
  </datafield>
  <datafield tag="999" ind1=" " ind2=" ">
    <subfield code="c">4484</subfield>
    <subfield code="d">4484</subfield>
  </datafield>
  <datafield tag="952" ind1=" " ind2=" ">
    <subfield code="0">0</subfield>
    <subfield code="1">0</subfield>
    <subfield code="2">ddc</subfield>
    <subfield code="4">0</subfield>
    <subfield code="6">AED_KHU_2004_000000000000000_B216_OR_1</subfield>
    <subfield code="7">0</subfield>
    <subfield code="9">23301</subfield>
    <subfield code="a">LBB</subfield>
    <subfield code="b">LBB</subfield>
    <subfield code="c">B216</subfield>
    <subfield code="d">2015-12-14</subfield>
    <subfield code="o">AED KHU 2004 B216 Or.1</subfield>
    <subfield code="p">RUA031764</subfield>
    <subfield code="r">2015-12-14</subfield>
    <subfield code="w">2015-12-14</subfield>
    <subfield code="y">AED</subfield>
  </datafield>
  <datafield tag="952" ind1=" " ind2=" ">
    <subfield code="0">0</subfield>
    <subfield code="1">0</subfield>
    <subfield code="2">ddc</subfield>
    <subfield code="4">0</subfield>
    <subfield code="6">AED_KHU_2004_000000000000000_B216_OR_2</subfield>
    <subfield code="7">0</subfield>
    <subfield code="9">23302</subfield>
    <subfield code="a">LBB</subfield>
    <subfield code="b">LBB</subfield>
    <subfield code="c">B216</subfield>
    <subfield code="d">2015-12-14</subfield>
    <subfield code="o">AED KHU 2004 B216 Or.2</subfield>
    <subfield code="p">RUA035864</subfield>
    <subfield code="r">2015-12-14</subfield>
    <subfield code="w">2015-12-14</subfield>
    <subfield code="y">AED</subfield>
  </datafield>
  <datafield tag="952" ind1=" " ind2=" ">
    <subfield code="0">0</subfield>
    <subfield code="1">0</subfield>
    <subfield code="2">ddc</subfield>
    <subfield code="4">0</subfield>
    <subfield code="6">AED_KHU_2004_000000000000000_B216_OR_3</subfield>
    <subfield code="7">0</subfield>
    <subfield code="9">23303</subfield>
    <subfield code="a">LBB</subfield>
    <subfield code="b">LBB</subfield>
    <subfield code="c">B216</subfield>
    <subfield code="d">2015-12-14</subfield>
    <subfield code="o">AED KHU 2004 B216 Or.3</subfield>
    <subfield code="p">RUA030979</subfield>
    <subfield code="r">2015-12-14</subfield>
    <subfield code="w">2015-12-14</subfield>
    <subfield code="y">AED</subfield>
  </datafield>
  <datafield tag="952" ind1=" " ind2=" ">
    <subfield code="0">0</subfield>
    <subfield code="1">0</subfield>
    <subfield code="2">ddc</subfield>
    <subfield code="4">0</subfield>
    <subfield code="6">AED_KHU_2004_000000000000000_B216_OR_4</subfield>
    <subfield code="7">0</subfield>
    <subfield code="9">23304</subfield>
    <subfield code="a">LBB</subfield>
    <subfield code="b">LBB</subfield>
    <subfield code="c">B216</subfield>
    <subfield code="d">2015-12-14</subfield>
    <subfield code="o">AED KHU 2004 B216 Or.4</subfield>
    <subfield code="p">RUA030919</subfield>
    <subfield code="r">2015-12-14</subfield>
    <subfield code="w">2015-12-14</subfield>
    <subfield code="y">AED</subfield>
  </datafield>
  <datafield tag="952" ind1=" " ind2=" ">
    <subfield code="0">0</subfield>
    <subfield code="1">0</subfield>
    <subfield code="2">ddc</subfield>
    <subfield code="4">0</subfield>
    <subfield code="6">AED_KHU_2004_000000000000000_B216_OR_5</subfield>
    <subfield code="7">0</subfield>
    <subfield code="9">23305</subfield>
    <subfield code="a">LBB</subfield>
    <subfield code="b">LBB</subfield>
    <subfield code="c">B216</subfield>
    <subfield code="d">2015-12-14</subfield>
    <subfield code="o">AED KHU 2004 B216 Or.5</subfield>
    <subfield code="p">RUA030978</subfield>
    <subfield code="r">2015-12-14</subfield>
    <subfield code="w">2015-12-14</subfield>
    <subfield code="y">AED</subfield>
  </datafield>
</record>
